000 00294nam a2200109Ia 4500
008 220204s9999 xx 000 0 und d
082 _a929.5(03)
_bDAI
100 _aDaintith
245 0 _aChambers biographical encyclopedia of scientists
260 _aEdinburgh
_bW R Chambers
_c1981
942 _cBK
999 _c38092
_d38092